[Event "Cardona Memorial 22nd"]
[Site "Catalunya"]
[Date "2019.03.23"]
[Round "4"]
[White "Daroca Prats, Josep Maria"]
[Black "Gomez De Porras, Guillem"]
[Result "0-1"]
[WhiteElo "1255"]
[BlackElo "1288"]
[PlyCount "118"]
[EventDate "2019.03.16"]
[EventType "swiss"]
[EventRounds "8"]
[EventCountry "ESP"]
[SourceTitle "EXT 2020"]
[Source "ChessBase"]
[SourceDate "2019.10.17"]
[SourceVersion "1"]
[SourceVersionDate "2019.10.17"]
[SourceQuality "1"]

1. e4 e6 2. d4 d5 3. e5 c5 4. Nf3 Nc6 5. Bb5 Qa5+ 6. Nc3 a6 7. Bxc6+ bxc6 8. Bd2 Qb6 9. b3 cxd4 10. Na4 Qc7 11. Nxd4 Qxe5+ 12. Be3 c5 13. Nc6 Qc7 14. Bxc5 Bxc5 15. Nxc5 Qxc6 16. Nd3 Nf6 17. 0-0 0-0 18. h3 Bb7 19. a4 Rac8 20. Rc1 Rfe8 21. Re1 d4 22. f3 Nd5 23. Ne5 Nc3 24. Nxc6 Nxd1 25. Rexd1 Bxc6 26. Rxd4 Red8 27. Rxd8+ Rxd8 28. c4 Rd3 29. Rb1 h6 30. Kh2 Rd2 31. Kg3 g5 32. b4 Bxa4 33. b5 axb5 34. cxb5 Rd8 35. b6 Rb8 36. Kf2 f5 37. Kg3 Kf7 38. h4 Ke7 39. hxg5 hxg5 40. f4 Kf6 41. Rb4 Bc6 42. fxg5+ Kxg5 43. Kf2 e5 44. g3 e4 45. Ke3 Kg4 46. Kf2 f4 47. gxf4 Kxf4 48. Ke2 Kg3 49. Ke3 Bb7 50. Rb3 Rf8 51. Kd4+ Rf3 52. Re3 Rxe3 53. Kxe3 Kg4 54. Ke2 Kf4 55. Kf2 e3+ 56. Ke2 Ke4 57. Ke1 Kd3 58. Kd1 e2+ 59. Ke1 Bc6 0-1